<?xml version="1.0" encoding="UTF-8"?>
<record
    xmlns:xsi="http://www.w3.org/2001/XMLSchema-instance"
    xsi:schemaLocation="http://www.loc.gov/MARC21/slim http://www.loc.gov/standards/marcxml/schema/MARC21slim.xsd"
    xmlns="http://www.loc.gov/MARC21/slim">

  <leader>01012nam a22001577a 4500</leader>
  <controlfield tag="003">0</controlfield>
  <controlfield tag="005">20260412131018.0</controlfield>
  <datafield tag="082" ind1=" " ind2=" ">
    <subfield code="a">KK 954.87 KAM</subfield>
  </datafield>
  <datafield tag="100" ind1=" " ind2=" ">
    <subfield code="a">Kamath, Suryanath U.</subfield>
    <subfield code="9">18838</subfield>
  </datafield>
  <datafield tag="245" ind1=" " ind2=" ">
    <subfield code="a">Concise history of Karnataka</subfield>
  </datafield>
  <datafield tag="260" ind1=" " ind2=" ">
    <subfield code="a">Bangalore</subfield>
    <subfield code="b">M.C.C. Publications</subfield>
    <subfield code="c">2022</subfield>
  </datafield>
  <datafield tag="300" ind1=" " ind2=" ">
    <subfield code="a">340</subfield>
  </datafield>
  <datafield tag="520" ind1=" " ind2=" ">
    <subfield code="a">This book deals in the study and research in Karnataka history for over three decades. In this book author has tried to present cogent accounts of activities of the Marathas, the Portuguese and the Mughuls in Karnataka and also given a brief outline of cultural Renaissance in the modern period. A. brief note on backward classes movement is also added. These sectons, together with the accounts on history of the freedom and unification Movements, have been the result of his researches, published elsewhere, presented here briefly. in this book researches on the Chalukyas, Rashtrakutas, Vijayanagara Empire and Keladi are also well known.</subfield>
  </datafield>
  <datafield tag="650" ind1=" " ind2=" ">
    <subfield code="a">History - Karnataka</subfield>
    <subfield code="9">18839</subfield>
  </datafield>
  <datafield tag="942" ind1=" " ind2=" ">
    <subfield code="c">DB</subfield>
  </datafield>
  <datafield tag="952" ind1=" " ind2=" ">
    <subfield code="0">0</subfield>
    <subfield code="1">0</subfield>
    <subfield code="4">0</subfield>
    <subfield code="7">0</subfield>
    <subfield code="a">LBSNAA</subfield>
    <subfield code="b">LBSNAA</subfield>
    <subfield code="d">2026-04-12</subfield>
    <subfield code="g">250.00</subfield>
    <subfield code="l">0</subfield>
    <subfield code="o">KK 954.87 KAM</subfield>
    <subfield code="p">173427</subfield>
    <subfield code="r">2026-04-12</subfield>
    <subfield code="w">2026-04-12</subfield>
    <subfield code="y">DB</subfield>
    <subfield code="0"></subfield>
    <subfield code="x"></subfield>
    <subfield code="2"></subfield>
  </datafield>
  <datafield tag="999" ind1=" " ind2=" ">
    <subfield code="c">360739</subfield>
    <subfield code="d">360739</subfield>
  </datafield>
</record>
